Olympiacos Vs Panathinaikos - Statistics

General Stats
  • This quiz has been taken 16 times
  • The average score is 8 of 22
Answer Stats
Hint Answer % Correct
GK(2004-11 Antonios Nikopolidis
100%
FW(1994-2003 Alexis Alexandris
64%
MF(1999-2005 Giovanni
64%
MF(2014-24 Kostas Fortounis
57%
FW(1990-2004 Krzysztof Warzycha
50%
MF(1996~2012 Georgios Karagounis
43%
DF(1994-2009 Giannis Goumas
43%
FW(1959-72 Giorgos Sideris
43%
FW(1984-97 Dimitrios Saravakos
36%
DF(1997-2007 Georgios Anatolakis
36%
DF(1995-2001 Grigoris Georgatos
36%
GK(1990-99 Jozef Wandzik
36%
DF(1988-2001 Kyriakos Karataidis
29%
DF(2003-13 Loukas Vyntra
29%
DF(1998~2008 Takis Fyssas
29%
DF(1997-2006 Dimitris Mavrogenidis
21%
FW(1996-2003 Nikolaos Lyberopoulos
14%
FW(1996-2009 Predrag Đorđević
14%
DF(1990-99 Stratos Apostolakis
14%
MF(1992-98 Georgios Georgiadis
7%
MF(1977~94 Konstantinos Antoniou
7%
MF(1954-68 Kostas Polychroniou
0%
No matching quizzes found
Score Distribution
Percent of People with Each Score
Percentile by Number Answered
Your Score History
You have not taken this quiz